[Event "XXII Weekend A"]
[Site "Robecchetto con Induno ITA"]
[Date "2011.12.27"]
[Round "1"]
[White "Angelini, Marco"]
[Black "Di Chiara, Mauro"]
[WhiteElo "2173"]
[BlackElo "1980"]
[Result "1-0"]
[PlyCount "83"]
[EventDate "2011.12.27"]

1. e4 g6 2. d4 Bg7 3. Nc3 d6 4. f4 Nf6 5. Nf3 O-O 6. e5 Nfd7 7. h4 c5 8. h5
cxd4 9. Qxd4 dxe5 10. Qf2 exf4 11. hxg6 fxg6 12. Bc4+ e6 13. Bd2 Ne5 14. Nxe5
Bxe5 15. O-O-O Nc6 16. Qe2 Qd4 17. Rh3 b5 18. Bxb5 Nb4 19. a3 a5 20. Bc4 Nd5
21. Bxd5 exd5 22. Rd3 Ba6 23. Rxd4 Bxe2 24. Nxe2 Bxd4 25. Nxd4 g5 26. a4 Kf7
27. Nc6 Ke6 28. Nxa5 g4 29. Nb3 f3 30. gxf3 gxf3 31. Rf1 Ke5 32. Nc5 Rf7 33. b4
h5 34. a5 Kd6 35. Nd3 h4 36. Bf4+ Rxf4 37. Nxf4 Rf8 38. Ng6 Rb8 39. c3 d4 40.
Kb2 dxc3+ 41. Kxc3 Rc8+ 42. Kb3 1-0

[Event "XXII Weekend A"]
[Site "Robecchetto con Induno ITA"]
[Date "2011.12.27"]
[Round "1"]
[White "Barlocco, Carlo"]
[Black "Siclari, Giovanni"]
[WhiteElo "2102"]
[BlackElo "1934"]
[Result "0-1"]
[PlyCount "76"]
[EventDate "2011.12.27"]

1. e4 c5 2. Nc3 e6 3. Nf3 Nc6 4. Bb5 Nd4 5. O-O a6 6. Bd3 d6 7. Nxd4 cxd4 8.
Ne2 e5 9. c3 dxc3 10. bxc3 Nf6 11. Bc2 Be7 12. d4 O-O 13. Qd3 Bd7 14. f4 Qc7
15. a4 Rac8 16. Ba3 Bg4 17. fxe5 dxe5 18. Ng3 Rfd8 19. h3 Be6 20. Bxe7 Qxe7 21.
Nf5 Qc7 22. Ra3 Bxf5 23. Rxf5 exd4 24. e5 dxc3 25. Qf3 Qc5+ 26. Kh2 Qxa3 27.
exf6 g6 28. Qg4 Qd6+ 29. Kh1 Rc5 30. Rf2 Qd4 31. Qf3 Re5 32. Rf1 Qd2 33. Bb3
Rd7 34. Qg3 Re8 35. Qf3 Re1 36. Rxe1 Qxe1+ 37. Kh2 Qe5+ 38. Kh1 Rd6 0-1

[Event "XXII Weekend A"]
[Site "Robecchetto con Induno ITA"]
[Date "2011.12.27"]
[Round "1"]
[White "Baroni, Alessandro"]
[Black "Medici, Simone"]
[WhiteElo "1932"]
[BlackElo "2090"]
[Result "0-1"]
[PlyCount "118"]
[EventDate "2011.12.27"]

1. e4 c5 2. c3 e6 3. d4 d5 4. exd5 exd5 5. Nf3 Nc6 6. Be2 Bd6 7. O-O Nge7 8.
dxc5 Bxc5 9. Nbd2 O-O 10. Nb3 Bd6 11. Bg5 Qc7 12. h3 h6 13. Be3 Rd8 14. Nbd4 a6
15. Qc2 Bd7 16. Rad1 Rac8 17. Bd3 Ne5 18. Nxe5 Bxe5 19. Nf3 Bf6 20. Bd4 Qf4 21.
Qd2 Qd6 22. Rfe1 Nc6 23. Bxf6 Qxf6 24. Bc2 Be6 25. Nd4 Bd7 26. Nxc6 bxc6 27.
Qd3 g6 28. Qe3 Kg7 29. Qe7 Be6 30. Qc5 Rb8 31. Bb3 Rdc8 32. Rd3 Rb5 33. Qd6 Bf5
34. Qxf6+ Kxf6 35. Rf3 Kg7 36. Re7 Be6 37. Re3 Kf8 38. Ra7 a5 39. Re2 Rcb8 40.
Rd2 h5 41. h4 Kg7 42. Rc7 R8b6 43. f3 Kf6 44. Kh2 Ke5 45. Kg3 Ra6 46. Ba4 Rbb6
47. Re7 Ra8 48. Bd1 Kd6 49. Rxe6+ Kxe6 50. Kf4 f6 51. g4 Kf7 52. gxh5 gxh5 53.
Re2 Re8 54. Rxe8 Kxe8 55. Bb3 Kf7 56. c4 Ke6 57. Ke3 Rb4 58. Kd3 a4 59. Kc3
axb3 0-1

[Event "XXII Weekend A"]
[Site "Robecchetto con Induno ITA"]
[Date "2011.12.27"]
[Round "1"]
[White "Cocconcelli, Lorenzo"]
[Black "Moroni, Luca jr"]
[WhiteElo "1900"]
[BlackElo "2030"]
[Result "0-1"]
[PlyCount "60"]
[EventDate "2011.12.27"]

1. d4 d5 2. c4 e6 3. Nc3 c6 4. Nf3 Nf6 5. e3 Nbd7 6. Qc2 b6 7. Bd3 dxc4 8. Bxc4
c5 9. O-O Bb7 10. Qe2 a6 11. b3 b5 12. Bd3 Bd6 13. Bb2 O-O 14. Rac1 Qb6 15.
Rfd1 Rac8 16. Bb1 Rfd8 17. Ng5 cxd4 18. exd4 Bf4 19. Nge4 Bxc1 20. Bxc1 Nxe4
21. Nxe4 Bxe4 22. Qxe4 Nf6 23. Qe1 Rxd4 24. Bb2 Rxd1 25. Qxd1 Rd8 26. Qe1 Qa5
27. Kf1 Qxe1+ 28. Kxe1 Nd5 29. Ke2 b4 30. Bd3 Nf4+ 0-1

[Event "XXII Weekend A"]
[Site "Robecchetto con Induno ITA"]
[Date "2011.12.27"]
[Round "1"]
[White "Coppola, Federico"]
[Black "Bianchi, Alberto"]
[WhiteElo "1858"]
[BlackElo "2017"]
[Result "0-1"]
[PlyCount "92"]
[EventDate "2011.12.27"]

1. e4 e5 2. Nf3 Nc6 3. Bb5 a6 4. Bxc6 dxc6 5. O-O f6 6. d3 Ne7 7. Be3 Ng6 8.
Nc3 Bd6 9. Qd2 O-O 10. d4 Bg4 11. dxe5 Nxe5 12. Nxe5 Bxe5 13. Qc1 Qe7 14. f3
Be6 15. Ne2 Rad8 16. f4 Bd6 17. Ng3 Rfe8 18. Qe1 Bc4 19. Rf2 Bc5 20. Bxc5 Qxc5
21. Kh1 Qd4 22. b3 Be6 23. Rf1 Qb2 24. Rf2 Qd4 25. Rf1 Qc5 26. Qe2 Rd4 27. Rad1
Red8 28. Qe3 Bg4 29. Rxd4 Qxd4 30. Qxd4 Rxd4 31. Kg1 a5 32. h3 Be6 33. Re1 a4
34. Kf2 c5 35. Ke3 axb3 36. axb3 Kf8 37. Ne2 Rb4 38. Rd1 Ke7 39. f5 Bf7 40. Nf4
c4 41. bxc4 Rxc4 42. Rb1 b6 43. Kd3 Ra4 44. g4 Kd6 45. h4 Ke5 46. Nh3 Rd4+ 0-1

[Event "XXII Weekend A"]
[Site "Robecchetto con Induno ITA"]
[Date "2011.12.27"]
[Round "1"]
[White "Curtacci, Sergio"]
[Black "Raselli, Claudio"]
[WhiteElo "2026"]
[BlackElo "1895"]
[Result "1/2-1/2"]
[PlyCount "61"]
[EventDate "2011.12.27"]

1. d4 d5 2. Nf3 Nf6 3. e3 c5 4. c3 Qc7 5. Bd3 Bg4 6. Nbd2 e6 7. Qa4+ Nc6 8. Bb5
Nd7 9. dxc5 Bxf3 10. Nxf3 Nxc5 11. Qg4 g6 12. Nd4 a6 13. b4 axb5 14. bxc5 Bxc5
15. Nxb5 Qa5 16. a4 Na7 17. Rb1 Nxb5 18. Rxb5 Qxc3+ 19. Bd2 Qa1+ 20. Qd1 Qxd1+
21. Kxd1 Bd6 22. a5 Ra7 23. Ke2 Kd7 24. Rhb1 Rb8 25. Bc3 Bc7 26. h4 h5 27. f3
Rba8 28. f4 Bxa5 29. Bxa5 Rxa5 30. Rxb7+ Ke8 31. Rc1 1/2-1/2

[Event "XXII Weekend A"]
[Site "Robecchetto con Induno ITA"]
[Date "2011.12.27"]
[Round "1"]
[White "Faraoni, Enrico"]
[Black "Razzano, Lorenzo"]
[WhiteElo "2109"]
[BlackElo "1964"]
[Result "1/2-1/2"]
[PlyCount "79"]
[EventDate "2011.12.27"]

1. e4 e5 2. d4 Nc6 3. dxe5 Nxe5 4. f4 Nc6 5. Nf3 Bc5 6. Bc4 Qe7 7. Qe2 d6 8.
Nc3 Nf6 9. Bd2 Bg4 10. O-O-O O-O-O 11. Rhe1 Rhe8 12. h3 Nd4 13. Qf1 Nxf3 14.
gxf3 Bd7 15. f5 h6 16. Qg2 Qf8 17. Bf4 Bc6 18. Bg3 Bb4 19. Bh4 Bxc3 20. bxc3 d5
21. Bxf6 Qa3+ 22. Kb1 gxf6 23. Bb3 Qf8 24. Qf2 b6 25. exd5 Rxe1 26. Qxe1 Bd7
27. Qe2 Bxf5 28. Qa6+ Kb8 29. Rd4 Bc8 30. Qd3 Bxh3 31. Ba4 Bc8 32. Bc6 Bb7 33.
Bxb7 Kxb7 34. Ra4 a5 35. Rxa5 bxa5 36. Qb5+ Kc8 37. Qa6+ Kd7 38. Qc6+ Kc8 39.
Qa6+ Kd7 40. Qc6+ 1/2-1/2

[Event "XXII Weekend A"]
[Site "Robecchetto con Induno ITA"]
[Date "2011.12.27"]
[Round "1"]
[White "Grattarola, Fabio"]
[Black "Bargeri, Ludovico"]
[WhiteElo "2037"]
[BlackElo "1909"]
[Result "1/2-1/2"]
[PlyCount "64"]
[EventDate "2011.12.27"]

1. d4 d5 2. Nf3 Nf6 3. Bf4 c5 4. e3 Nc6 5. c3 Qb6 6. Qb3 c4 7. Qc2 Bf5 8. Qc1
e6 9. Nbd2 Rc8 10. Be2 h6 11. h3 Be7 12. O-O O-O 13. Re1 Qd8 14. Ne5 Nxe5 15.
Bxe5 Nd7 16. Bg3 b5 17. a3 a5 18. Bd1 b4 19. axb4 axb4 20. e4 Bh7 21. exd5 exd5
22. Ra7 bxc3 23. bxc3 Bg5 24. Bd6 Re8 25. Ba4 Rxe1+ 26. Qxe1 Nb6 27. Bc5 Nxa4
28. Rxa4 Bxd2 29. Qxd2 Ra8 30. Rxa8 Qxa8 31. Qe3 Be4 32. f3 Bd3 1/2-1/2

[Event "XXII Weekend A"]
[Site "Robecchetto con Induno ITA"]
[Date "2011.12.27"]
[Round "1"]
[White "Lucchese, Paolo"]
[Black "Sibille, Ettore"]
[WhiteElo "1924"]
[BlackElo "2042"]
[Result "1/2-1/2"]
[PlyCount "44"]
[EventDate "2011.12.27"]

1. e4 c5 2. Nc3 g6 3. Nge2 Bg7 4. d4 cxd4 5. Nxd4 Nc6 6. Be3 Nf6 7. Be2 O-O 8.
O-O d6 9. Nb3 Be6 10. f4 Qd7 11. h3 Ne8 12. g4 f5 13. gxf5 gxf5 14. e5 dxe5 15.
Qxd7 Bxd7 16. Nc5 Bc8 17. Bc4+ Kh8 18. Be6 Nc7 19. Bxc8 Raxc8 20. Rad1 exf4 21.
Bxf4 Bd4+ 22. Rxd4 e5 1/2-1/2

[Event "XXII Weekend A"]
[Site "Robecchetto con Induno ITA"]
[Date "2011.12.27"]
[Round "1"]
[White "Morandi, Daniele"]
[Black "Gonella, Daniele"]
[WhiteElo "1939"]
[BlackElo "2103"]
[Result "0-1"]
[PlyCount "128"]
[EventDate "2011.12.27"]

1. e4 e5 2. Nf3 Nc6 3. Bc4 Bc5 4. c3 Qe7 5. d4 Bb6 6. O-O d6 7. h3 Nf6 8. Re1
h6 9. a4 a5 10. d5 Nb8 11. b4 O-O 12. Be3 Nbd7 13. Bb5 Bxe3 14. Rxe3 Nh5 15.
Nbd2 Nf4 16. Nc4 axb4 17. cxb4 f5 18. exf5 Nf6 19. Nb2 Bxf5 20. Nd4 Bd7 21. Bc4
Qf7 22. Rf3 Qg6 23. Rg3 Qe4 24. Ne6 Bxe6 25. dxe6 d5 26. Bb3 Ne2+ 27. Kh2 Nxg3
28. fxg3 c6 29. Nd3 Qd4 30. Bc2 e4 31. Nc5 Qxd1 32. Rxd1 b6 33. Nd7 Nxd7 34.
exd7 Rad8 35. b5 Rf2 36. Bb3 cxb5 37. Rxd5 bxa4 38. Bxa4 Kf8 39. Re5 Kg8 40.
Re8+ Rf8 41. Rxe4 Rb8 42. Bb5 Kf7 43. g4 Rfd8 44. Kg3 Rb7 45. Kf4 Rbxd7 46.
Bxd7 Rxd7 47. Rb4 Rb7 48. Rb5 Ke6 49. g5 hxg5+ 50. Kxg5 Kd6 51. Kf4 Kc6 52. Rb1
b5 53. Ke4 Kc5 54. Kd3 b4 55. Rc1+ Kb5 56. Rb1 Rc7 57. Kd2 Ka4 58. Rc1 Rf7 59.
Rg1 Kb3 60. Kc1 Ka2 61. g4 b3 62. Rg2+ Ka1 63. Rg1 Rc7+ 64. Kd2+ Ka2 0-1

[Event "XXII Weekend A"]
[Site "Robecchetto con Induno ITA"]
[Date "2011.12.27"]
[Round "1"]
[White "Piazza, Angelo"]
[Black "Boschetti, Claudio"]
[WhiteElo "1972"]
[BlackElo "2110"]
[Result "1/2-1/2"]
[PlyCount "140"]
[EventDate "2011.12.27"]

1. Nf3 Nf6 2. b3 g6 3. e3 Bg7 4. Bb2 d6 5. Be2 O-O 6. O-O e5 7. d3 Re8 8. c4 c6
9. Qc2 Nbd7 10. Nc3 a6 11. Rfd1 d5 12. cxd5 cxd5 13. Na4 b5 14. Nc5 Nxc5 15.
Qxc5 Bb7 16. Rac1 Rc8 17. Qa7 Re7 18. Rxc8 Bxc8 19. Qa8 Ne8 20. Rc1 Rc7 21.
Rxc7 Nxc7 22. Qc6 f6 23. Ba3 Bf8 24. Bxf8 Kxf8 25. Nd2 Ke7 26. Bf3 Qd6 27. Bxd5
Nxd5 28. Qxc8 Nb4 29. Ne4 Qxd3 30. Qb7+ Kf8 31. h3 Qd5 32. Qc8+ Kg7 33. Nxf6
Qd2 34. Ng4 Qd6 35. Qb7+ Kh8 36. Nh6 Qf8 37. Nf7+ Kg8 38. Nxe5 Nxa2 39. Qxa6
Nc3 40. Qe6+ Kg7 41. Nd7 Ne2+ 42. Kf1 Ng3+ 43. Ke1 Qb4+ 44. Kd1 Ne4 45. Qe5+
Kf7 46. Qf4+ Kg7 47. Ke2 h5 48. Kd3 Nxf2+ 49. Qxf2 Qd6+ 50. Kc3 Qxd7 51. e4
Qc6+ 52. Kd3 Qa6 53. Qd4+ Kh7 54. Qd7+ Kh6 55. e5 b4+ 56. Kd4 Qa1+ 57. Kd5 Qd1+
58. Kc6 Qxb3 59. e6 Qc4+ 60. Kd6 b3 61. e7 Qf4+ 62. Kc6 b2 63. e8=Q Qa4+ 64.
Kc7 Qxd7+ 65. Kxd7 b1=Q 66. Qe3+ g5 67. Qe6+ Qg6 68. Qxg6+ Kxg6 69. Ke6 h4 70.
Ke5 g4 1/2-1/2

[Event "XXII Weekend A"]
[Site "Robecchetto con Induno ITA"]
[Date "2011.12.27"]
[Round "1"]
[White "Rambaldi, Francesco"]
[Black "Corti, Corrado"]
[WhiteElo "2211"]
[BlackElo "2002"]
[Result "1-0"]
[PlyCount "135"]
[EventDate "2011.12.27"]

1. d4 d5 2. c4 e6 3. Nc3 Nf6 4. cxd5 exd5 5. Bg5 c6 6. Qc2 Be7 7. e3 Na6 8.
Bxa6 bxa6 9. Nf3 h6 10. Bh4 Nd7 11. Bxe7 Qxe7 12. O-O O-O 13. Na4 Bb7 14. Ne1
Rab8 15. Nd3 Qe4 16. Qc3 Rfc8 17. Rac1 Qg6 18. b3 Ba8 19. Nac5 Nxc5 20. Nxc5
Rb6 21. Qa5 Bb7 22. Nxb7 Rxb7 23. Qxa6 Rcc7 24. Rc5 Rb6 25. Qe2 Re7 26. Rfc1
Re6 27. Ra5 Re7 28. Ra6 Reb7 29. Rxb6 Rxb6 30. Qd2 Qd6 31. Qa5 Qd7 32. g3 Qb7
33. Rc2 Ra6 34. Qc5 Rb6 35. h4 Qd7 36. Qa5 Qf5 37. Rc1 Qd7 38. Rc5 Qb7 39. Qc3
Qd7 40. Ra5 Qb7 41. Qc5 a6 42. Qa3 Qa7 43. Rc5 Qb7 44. Qc1 Qd7 45. Qc2 Qb7 46.
Qc3 Qd7 47. b4 Qb7 48. a3 Qd7 49. Qc2 g6 50. Kg2 h5 51. e4 Qe6 52. e5 Kg7 53.
Rc3 Qg4 54. Qd3 Qe6 55. Qe2 Qf5 56. Rf3 Qg4 57. Qd3 Qe4 58. Qxe4 dxe4 59. Re3
a5 60. bxa5 Ra6 61. Rxe4 Rxa5 62. Re3 Rd5 63. Rd3 c5 64. Kf3 c4 65. Rc3 Rxd4
66. Ke3 Rd5 67. Ke4 Ra5 68. Kd4 1-0

[Event "XXII Weekend A"]
[Site "Robecchetto con Induno ITA"]
[Date "2011.12.27"]
[Round "1"]
[White "Ranfagni, Stefano"]
[Black "Giretti Kanev, Jasen"]
[WhiteElo "1998"]
[BlackElo "2199"]
[Result "1-0"]
[PlyCount "87"]
[EventDate "2011.12.27"]

1. e4 c6 2. c4 d5 3. exd5 cxd5 4. d4 Nf6 5. Nc3 g6 6. Nf3 Bg7 7. h3 O-O 8. Bd3
Nc6 9. a3 dxc4 10. Bxc4 Bf5 11. O-O Ne4 12. Re1 Nd6 13. Ba2 b5 14. g4 Bd7 15.
Bg5 h6 16. Bh4 g5 17. Bg3 a6 18. Qd3 Nc4 19. Bxc4 bxc4 20. Qxc4 Qc8 21. d5 Nd4
22. Qd3 Nxf3+ 23. Qxf3 f5 24. gxf5 Rxf5 25. Qd3 Qc5 26. Rac1 Raf8 27. Ne4 Qb6
28. b4 Bd4 29. Red1 Rxd5 30. Qc4 e6 31. Nc5 Bb5 32. Qc2 Rff5 33. Qe4 Bxc5 34.
bxc5 Rxd1+ 35. Rxd1 Qxc5 36. Qxe6+ Kg7 37. Rd6 Qc1+ 38. Kh2 Qc5 39. Qxh6+ Kf7
40. Qh7+ Ke8 41. Qg8+ Ke7 42. Qe6+ Kf8 43. Rd8+ Kg7 44. Rg8+ 1-0

[Event "XXII Weekend A"]
[Site "Robecchetto con Induno ITA"]
[Date "2011.12.27"]
[Round "1"]
[White "Vogel, Joerg"]
[Black "Guzzetti, Luigi Enrico"]
[WhiteElo "2047"]
[BlackElo "1928"]
[Result "0-1"]
[PlyCount "120"]
[EventDate "2011.12.27"]

1. d4 Nf6 2. c4 g6 3. Nc3 Bg7 4. e4 d6 5. f3 Nbd7 6. Be3 O-O 7. Qd2 c6 8. Bd3
Qc7 9. Nge2 a6 10. O-O b5 11. b4 bxc4 12. Bxc4 Bb7 13. Rac1 Rfc8 14. d5 c5 15.
bxc5 Nxc5 16. Nd4 Nfd7 17. Be2 Qa5 18. Rfd1 Nb6 19. Rc2 Rc7 20. Rb1 Rac8 21.
Nd1 Qxd2 22. Rxd2 Nbd7 23. Rdb2 Ba8 24. Rb4 Bf6 25. g3 h5 26. h4 Kg7 27. Kf2
Ne5 28. Kf1 Kh7 29. Nf2 a5 30. Rb5 a4 31. Ra5 e6 32. dxe6 fxe6 33. Rd1 Bc6 34.
Nb5 Bxb5 35. Rxb5 Nf7 36. Ra5 Bc3 37. Rb5 a3 38. f4 Bb2 39. g4 Na4 40. Bd4 e5
41. Ra5 exd4 42. Rxa4 hxg4 43. Bxg4 Rf8 44. h5 gxh5 45. Bxh5 Nh6 46. f5 d5 47.
Ra5 dxe4 48. Bg6+ Kg7 49. Nxe4 Ng4 50. Rd3 Ne3+ 51. Ke2 Re7 52. Kf3 Nc4 53. Ra6
Ne5+ 54. Kg3 Nxd3 55. f6+ Rxf6 56. Nxf6 Re3+ 57. Kh4 Kxg6 58. Nd5+ Kf5 59.
Nxe3+ dxe3 60. Ra5+ Ke4 0-1

[Event "XXII Weekend A"]
[Site "Robecchetto con Induno ITA"]
[Date "2011.12.28"]
[Round "2"]
[White "Bargeri, Ludovico"]
[Black "Curtacci, Sergio"]
[WhiteElo "1909"]
[BlackElo "2026"]
[Result "0-1"]
[PlyCount "116"]
[EventDate "2011.12.27"]

1. d4 d6 2. Nf3 Nf6 3. c4 Nbd7 4. Nc3 e5 5. g3 Be7 6. Bg2 c6 7. e4 Qc7 8. O-O
O-O 9. h3 a6 10. a4 a5 11. Be3 Re8 12. Rc1 Bf8 13. d5 Nc5 14. Ne1 Bd7 15. Nd3
Na6 16. Qb3 c5 17. Nb5 Qc8 18. Kh2 Nb4 19. Bg5 Bxb5 20. axb5 Be7 21. Bxf6 Bxf6
22. Nxb4 cxb4 23. Qa4 Qc5 24. b3 b6 25. Ra1 g6 26. Qa2 Bg5 27. h4 Bh6 28. Bh3
Re7 29. Rfd1 Rf8 30. Qc2 Rc7 31. Ra2 Kg7 32. Kg1 Re7 33. Qd3 f5 34. Kg2 fxe4
35. Qxe4 Ref7 36. f3 Rxf3 37. Qxf3 Rxf3 38. Kxf3 Qe3+ 39. Kg2 Qxb3 40. Raa1
Qc2+ 41. Kh1 Qf2 42. Rg1 Be3 43. Raf1 Qxg1+ 44. Rxg1 Bxg1 45. Kxg1 b3 46. Bf1
a4 47. c5 dxc5 48. Bc4 b2 49. Ba2 c4 50. d6 Kf6 51. g4 Ke6 52. Bxc4+ Kxd6 53.
Ba2 Kc5 54. Kf2 Kb4 55. Ke2 Ka3 56. Bb1 Kb3 57. Kd2 a3 58. Bc2+ Ka2 0-1

[Event "XXII Weekend A"]
[Site "Robecchetto con Induno ITA"]
[Date "2011.12.28"]
[Round "2"]
[White "Baroni, Alessandro"]
[Black "Vogel, Joerg"]
[WhiteElo "1932"]
[BlackElo "2047"]
[Result "1/2-1/2"]
[PlyCount "49"]
[EventDate "2011.12.27"]

1. e4 c5 2. c3 d5 3. exd5 Qxd5 4. d4 Nf6 5. Nf3 Bg4 6. Be2 e6 7. Na3 Nc6 8. Nc2
Qd8 9. Bg5 Rc8 10. O-O Be7 11. Ne5 Bxe2 12. Qxe2 cxd4 13. Nxc6 d3 14. Nxd8 dxe2
15. Rfe1 Rxd8 16. Rxe2 Nd5 17. Bxe7 Kxe7 18. Rd1 Nb6 19. Nd4 Rd5 20. b3 Rhd8
21. Red2 e5 22. Nf5+ Kf6 23. Rxd5 Rxd5 24. Ne3 Rxd1+ 25. Nxd1 1/2-1/2

[Event "XXII Weekend A"]
[Site "Robecchetto con Induno ITA"]
[Date "2011.12.28"]
[Round "2"]
[White "Bianchi, Alberto"]
[Black "Angelini, Marco"]
[WhiteElo "2017"]
[BlackElo "2173"]
[Result "0-1"]
[PlyCount "78"]
[EventDate "2011.12.27"]

1. e4 c5 2. Nf3 d6 3. d4 cxd4 4. Nxd4 Nf6 5. Nc3 a6 6. Be3 e6 7. f3 b5 8. Qd2
Nbd7 9. Be2 Bb7 10. O-O Be7 11. Nd1 d5 12. exd5 Nxd5 13. Bf2 Rc8 14. c3 N7b6
15. Qe1 Bf6 16. Nc2 Na4 17. Rb1 O-O 18. Nce3 Nf4 19. Ng4 Bd5 20. Nxf6+ Qxf6 21.
Ra1 Nxe2+ 22. Qxe2 Bc4 23. Qe1 Qg6 24. Qe4 Qxe4 25. fxe4 Bxf1 26. Kxf1 Rfd8 27.
Bd4 f6 28. e5 fxe5 29. Bxe5 Rd2 30. b3 Nc5 31. Bd4 Ne4 32. b4 Rf8+ 33. Kg1 Re2
34. Ne3 e5 35. Bb6 Nxc3 36. Ng4 h5 37. Nf2 Rxa2 38. Re1 Re2 39. Rc1 Rexf2 0-1

[Event "XXII Weekend A"]
[Site "Robecchetto con Induno ITA"]
[Date "2011.12.28"]
[Round "2"]
[White "Boschetti, Claudio"]
[Black "Lucchese, Paolo"]
[WhiteElo "2110"]
[BlackElo "1924"]
[Result "1-0"]
[PlyCount "111"]
[EventDate "2011.12.27"]

1. e4 e6 2. c4 b6 3. d4 Bb7 4. Bd3 Nf6 5. Nc3 Bb4 6. Qe2 d6 7. Nf3 Nbd7 8. a3
Bxc3+ 9. bxc3 e5 10. O-O h6 11. Nh4 g6 12. g3 Qe7 13. f3 O-O-O 14. Be3 Nh5 15.
Qd2 Qf8 16. Rae1 g5 17. Nf5 Ng7 18. Nxh6 Rxh6 19. Bxg5 Rh8 20. Bxd8 Qxd8 21. f4
f6 22. fxe5 dxe5 23. a4 a5 24. c5 exd4 25. cxd4 Ne6 26. Qc3 Nb8 27. cxb6 Qxd4+
28. Qxd4 Nxd4 29. Rxf6 cxb6 30. Rc1+ Bc6 31. Rc4 Rd8 32. h4 Kc7 33. h5 Nb3 34.
Rf7+ Kd6 35. Bc2 Be8 36. Rf6+ Ke7 37. Rxb6 Nd2 38. Rc7+ Nd7 39. Rh6 Nf3+ 40.
Kf2 Nfe5 41. Bd1 Kf8 42. Ke3 Nf7 43. Rhc6 Nde5 44. Rc1 Rd3+ 45. Kf4 Rd4 46. Be2
Rd6 47. R1c5 Bxa4 48. Rxe5 Nxe5 49. Kxe5 Rb6 50. g4 Bb3 51. Ra7 a4 52. g5 Re6+
53. Kf5 Re7 54. Ra6 Bc2 55. Bf3 Rf7+ 56. Kg4 1-0

[Event "XXII Weekend A"]
[Site "Robecchetto con Induno ITA"]
[Date "2011.12.28"]
[Round "2"]
[White "Corti, Corrado"]
[Black "Cocconcelli, Lorenzo"]
[WhiteElo "2002"]
[BlackElo "1900"]
[Result "0-1"]
[PlyCount "72"]
[EventDate "2011.12.27"]

1. d4 d5 2. Nf3 Nf6 3. e3 e6 4. Bd3 c5 5. O-O c4 6. Be2 b5 7. a4 b4 8. Ne5 Qc7
9. f4 Nbd7 10. Bd2 Ne4 11. Be1 Ndf6 12. g4 h6 13. h4 g6 14. g5 Nd7 15. Nf3 a5
16. Kg2 Be7 17. Rh1 hxg5 18. hxg5 Rxh1 19. Kxh1 Bb7 20. Nfd2 Nd6 21. Bf2 f6 22.
Qg1 fxg5 23. Bg4 O-O-O 24. Bxe6 Rh8+ 25. Kg2 gxf4 26. Nf3 Kb8 27. Nbd2 Ne4 28.
Nxe4 dxe4 29. Nd2 Nb6 30. Kf1 c3 31. bxc3 Qxc3 32. Rd1 Qxc2 33. Qg4 fxe3 34.
Bb3 Qd3+ 35. Kg2 exf2 36. Qf4+ Ka7 0-1

[Event "XXII Weekend A"]
[Site "Robecchetto con Induno ITA"]
[Date "2011.12.28"]
[Round "2"]
[White "Di Chiara, Mauro"]
[Black "Coppola, Federico"]
[WhiteElo "1980"]
[BlackElo "1858"]
[Result "1/2-1/2"]
[PlyCount "134"]
[EventDate "2011.12.27"]

1. Nf3 Nf6 2. d4 g6 3. c4 c5 4. e3 Bg7 5. Nc3 O-O 6. Be2 cxd4 7. exd4 d5 8. O-O
Nc6 9. Ne5 dxc4 10. Nxc6 bxc6 11. Bxc4 Qd6 12. f3 Bf5 13. Be3 Nd5 14. Nxd5 cxd5
15. Bb3 Rfc8 16. Qd2 Rc6 17. Rac1 Rac8 18. Rxc6 Qxc6 19. Qa5 Bd3 20. Rd1 Bc4
21. Bxc4 Qxc4 22. Rc1 Qxc1+ 23. Bxc1 Rxc1+ 24. Kf2 Bxd4+ 25. Kg3 Bb6 26. Qxd5
Bc7+ 27. f4 Rf1 28. Qa8+ Kg7 29. Qxa7 Bxf4+ 30. Kh3 e5 31. g3 Bg5 32. b4 Rd1
33. b5 e4 34. Qa4 Rb1 35. Qxe4 Rxb5 36. a4 Rb3 37. Qc2 Rb7 38. a5 Re7 39. a6
Be3 40. Qc3+ Kg8 41. Qd3 Kg7 42. Kg2 Bb6 43. Kf3 Re6 44. Qd7 Re3+ 45. Kg2 Re2+
46. Kf1 Ra2 47. Qb7 Bd4 48. Ke1 h5 49. Kd1 Rxh2 50. a7 Bxa7 51. Qxa7 Rg2 52.
Qd4+ f6 53. Qd7+ Kh6 54. Qe6 Kg7 55. Qe7+ Kh6 56. Qxf6 Rxg3 57. Qf4+ Rg5 58.
Ke2 h4 59. Qxh4+ Rh5 60. Qf6 Rf5 61. Qh4+ Rh5 62. Qg4 Rf5 63. Ke3 Kg7 64. Ke4
Kf6 65. Qh4+ Kg7 66. Qe7+ Kh6 67. Qe6 Kg7 1/2-1/2

[Event "XXII Weekend A"]
[Site "Robecchetto con Induno ITA"]
[Date "2011.12.28"]
[Round "2"]
[White "Giretti Kanev, Jasen"]
[Black "Morandi, Daniele"]
[WhiteElo "2199"]
[BlackElo "1939"]
[Result "1-0"]
[PlyCount "87"]
[EventDate "2011.12.27"]

1. e4 e5 2. Nf3 Nc6 3. d4 exd4 4. Nxd4 Nf6 5. Nxc6 bxc6 6. e5 Qe7 7. Qe2 Nd5 8.
c4 Ba6 9. b3 g6 10. g3 Bg7 11. Bb2 O-O 12. Bg2 Rae8 13. O-O Nb6 14. Re1 d5 15.
Qd2 Bb7 16. Na3 Rd8 17. Qf4 Rfe8 18. Re2 dxc4 19. Nxc4 Nd5 20. Qd4 Qe6 21. Rae1
Ba6 22. Qh4 Nb4 23. Bh3 Qe7 24. Qxe7 Rxe7 25. e6 f5 26. Bxg7 Kxg7 27. a3 Bxc4
28. bxc4 Nd3 29. Rd1 Nf4 30. Rxd8 Nxe2+ 31. Kf1 Rxe6 32. Rd7+ Kf6 33. Rxc7 a5
34. Rxh7 Nd4 35. g4 Nc2 36. gxf5 Re1+ 37. Kg2 gxf5 38. Rh6+ Kg5 39. Rxc6 f4 40.
Rc5+ Kh4 41. Bc8 Ra1 42. Kf3 Rxa3+ 43. Kxf4 a4 44. Bg4 1-0

[Event "XXII Weekend A"]
[Site "Robecchetto con Induno ITA"]
[Date "2011.12.28"]
[Round "2"]
[White "Gonella, Daniele"]
[Black "Ranfagni, Stefano"]
[WhiteElo "2103"]
[BlackElo "1998"]
[Result "1-0"]
[PlyCount "105"]
[EventDate "2011.12.27"]

1. e4 e5 2. Nf3 Nc6 3. Bb5 a6 4. Ba4 Nf6 5. O-O b5 6. Bb3 Be7 7. Re1 d6 8. h3
O-O 9. c3 Nb8 10. d3 Nbd7 11. Nbd2 Nc5 12. Bc2 Bb7 13. Nf1 Re8 14. Ng3 Bf8 15.
Be3 Ncd7 16. a4 c6 17. d4 Qc7 18. Qe2 g6 19. dxe5 Nxe5 20. Nxe5 dxe5 21. Bb3
Rab8 22. Qf3 Bg7 23. Bc5 h6 24. a5 Nh7 25. Qe3 Ng5 26. Rad1 Ra8 27. Rd2 Ne6 28.
Bxe6 Rxe6 29. Bb6 Qe7 30. Red1 Qg5 31. Qxg5 hxg5 32. Rd7 Bc8 33. Rd8+ Kh7 34.
R1d7 Bxd7 35. Rxa8 Re8 36. Rxa6 Bf8 37. Ra7 Be6 38. b4 Bd6 39. Ne2 Kg7 40. Nc1
Bc8 41. Ra8 Kf8 42. Nd3 Bb7 43. Ra7 Bc8 44. Bc5 Rd8 45. Bxd6+ Rxd6 46. Nxe5 Re6
47. Ra8 Rxe5 48. Rxc8+ Kg7 49. Rxc6 Rxe4 50. Rc5 Re1+ 51. Kh2 Rc1 52. Rxg5 Rxc3
53. Rxb5 1-0

[Event "XXII Weekend A"]
[Site "Robecchetto con Induno ITA"]
[Date "2011.12.28"]
[Round "2"]
[White "Guzzetti, Luigi Enrico"]
[Black "Faraoni, Enrico"]
[WhiteElo "1928"]
[BlackElo "2109"]
[Result "0-1"]
[PlyCount "34"]
[EventDate "2011.12.27"]

1. e4 c5 2. Nf3 Nc6 3. d4 cxd4 4. Nxd4 e5 5. Nb3 Nf6 6. Nc3 Bb4 7. Bc4 O-O 8.
Bd5 a5 9. Be3 a4 10. Nc1 a3 11. N1e2 Ng4 12. Qd3 axb2 13. Rb1 Nxe3 14. Qxe3 Qa5
15. O-O Nd4 16. Qd3 Bxc3 17. Nxc3 Qxc3 0-1

[Event "XXII Weekend A"]
[Site "Robecchetto con Induno ITA"]
[Date "2011.12.28"]
[Round "2"]
[White "Medici, Simone"]
[Black "Siclari, Giovanni"]
[WhiteElo "2090"]
[BlackElo "1934"]
[Result "1-0"]
[PlyCount "101"]
[EventDate "2011.12.27"]

1. d4 f5 2. Nf3 Nf6 3. c4 d6 4. g3 g6 5. Bg2 Bg7 6. O-O O-O 7. Nc3 Qe8 8. d5 a5
9. Nd4 Na6 10. e4 Nxe4 11. Nxe4 fxe4 12. Bxe4 Bh3 13. Re1 Nc5 14. Bg2 Bxg2 15.
Kxg2 Qd7 16. Bg5 Rae8 17. Ne6 Nxe6 18. Rxe6 h6 19. Bd2 Rf6 20. Rxf6 exf6 21.
Bxa5 f5 22. Qc2 b6 23. Bc3 Re4 24. b3 Qe7 25. Bxg7 Qxg7 26. Rd1 Qe5 27. Rd2 Re1
28. Qb2 Qe4+ 29. f3 Qe3 30. Rf2 Qe7 31. Qd2 Kh7 32. h4 Re3 33. Qc2 Kg7 34. h5
Qg5 35. Qb2+ Kg8 36. Re2 f4 37. Rxe3 Qxg3+ 38. Kf1 fxe3 39. Qe2 Qe5 40. hxg6
Kg7 41. Qd3 Qa1+ 42. Ke2 Qxa2+ 43. Kxe3 Qh2 44. Qd4+ Kxg6 45. Qg4+ Kf6 46. Qe6+
Kg5 47. Qe7+ Kh5 48. Qf7+ Kh4 49. Qf6+ Kh5 50. Qf5+ Kh4 51. Qg4# 1-0